000 00504 a2200193 4500
005 20250327111219.0
008 250326b |||||||| |||| 00| 0 eng d
020 _a9788126576463
_cRs. 829.00
040 _aMAIN
082 _a005.7
_bM859D
100 _aMotwani, Bharti
245 _aData analytics with R
260 _bWiley India
_aNew Delhi
_c2023
300 _axvii, 646
650 _aComputer Science
650 _aData Analytics
650 _aR- Computer Programming Language
942 _cBK
999 _c386632
_d386632